Name that Airport - Statistics

General Stats
  • This quiz has been taken 25 times
    2 since last reset
  • The average score is 24 of 50
Answer Stats
Clue Code City % Correct
1) Logan International BOS Boston
100%
20) Amsterdam Schiphol AMS Amsterdam
50%
41) Esenboga International ESB Ankara
50%
5) Hartsfield-Jackson ATL Atlanta
50%
23) Austin-Bergstrom AUS Austin
50%
16) Suvarnabhumi BKK Bangkok
50%
33) El Dorado International BOG Bogota
50%
50) Ministro Pistarini EZE Buenos Aires
50%
14) Mohammed V CMN Casablanca
50%
2) Charlotte Douglas CLT Charlotte
50%
7) O'Hare, Midway ORD, MDW Chicago
50%
47) Cologne-Bonn CGN Cologne
50%
19) Indira Ghandi DEL Delhi
50%
35) Ngurah Rai DPS Denpasar
50%
31) Hamad International DOH Doha
50%
27) Frankfurt Am Main FRA Frankfurt
50%
30) Tan Son Nhat SGN Ho Chi Minh City
50%
39) Daniel K Inouye HNL Honolulu
50%
11) George Bush International IAH Houston
50%
18) Sabiha Gokcen SAW Istanbul
50%
22) Soekarno-Hatta CGK Jakarta
50%
32) King Abdulaziz JED Jeddah
50%
37) O.R. Tambo International JNB Johannesburg
50%
12) Harry Reid LAS Las Vegas
50%
36) Jorge Chavez LIM Lima
50%
34) Lisbon-Portela LIS Lisbon
50%
4) Heathrow, Gatwick LHR, LGW London
50%
26) Adolfo Suarez MAD Madrid
50%
28) Ninoy-Aquino International MNL Manila
50%
3) Malpensa, Linate MXP, LIN Milan
50%
17) Sheremetyevo SVO Moscow
50%
48) Louis Armstrong International MSY New Orleans
50%
8) John F Kennedy, Laguardia JFK, LGA New York City
50%
45) Nice-Cote d'Azur NCE Nice
50%
43) Tocumen International PTY Panama City
50%
6) Charles De Gaulle CDG Paris
50%
10) Sky Harbor PHX Phoenix
50%
44) Vaclav Havel PRG Prague
50%
13) Leonardo DaVinci FCO Rome
50%
21) SEA-TAC International SEA Seattle
50%
24) Sydney Kingsford-Smith SYD Sydney
50%
38) Ben Gurion TLV Tel Aviv
50%
29) Narita International NRT Tokyo
50%
49) Marco Polo International VCE Venice
50%
42) Warsaw Chopin WAW Warsaw
50%
15) Dulles, Reagan IAD, DCA Washington DC
50%
25) Simon Bolivar International CCS Caracas
0%
9) Bradley International BDL Hartford
0%
46) Adnan Menderes ADB Izmir
0%
40) TF Green International PVD Providence
0%
No matching quizzes found
Score Distribution
Percent of People with Each Score
Percentile by Number Answered
Your Score History
You have not taken this quiz since the last reset